Southern galaxy catalouge (Record no. 8697)

MARC details
000 -LEADER
fixed length control field 00805nam a2200217Ia 4500
003 - CONTROL NUMBER IDENTIFIER
control field IN-BaIIA
008 - FIXED-LENGTH DATA ELEMENTS--GENERAL INFORMATION
fixed length control field 211028s9999 xx 000 0 eng d
020 ## - INTERNATIONAL STANDARD BOOK NUMBER
International Standard Book Number 0-9603796-3-0
040 ## - CATALOGING SOURCE
Transcribing agency IIA Library
080 ## - UNIVERSAL DECIMAL CLASSIFICATION NUMBER
Universal Decimal Classification number 083.8:524.7
Item number COR
100 ## - MAIN ENTRY--PERSONAL NAME
Personal name Corwin, Harold G
9 (RLIN) 10714
245 #0 - TITLE STATEMENT
Title Southern galaxy catalouge
Remainder of title a catalogue of 5481 galaxies south of declination-17 degrees found on 1.2-m U.K. Schmidt IIIa-J plates
Statement of responsibility, etc. H. G. Corwin, A. de Vaucouleurs and G. de Vaucouleurs
260 ## - PUBLICATION, DISTRIBUTION, ETC.
Place of publication, distribution, etc. Austin
Name of publisher, distributor, etc. Department of Astronomy the University of Texas
Date of publication, distribution, etc. 1985
300 ## - PHYSICAL DESCRIPTION
Extent xxv, 308p.
650 ## - SUBJECT ADDED ENTRY--TOPICAL TERM
Topical term or geographic name entry element Astronomy and Astrophysics Thesaurus
650 ## - SUBJECT ADDED ENTRY--TOPICAL TERM
Topical term or geographic name entry element Catalogue-Galaxies
650 ## - SUBJECT ADDED ENTRY--TOPICAL TERM
Topical term or geographic name entry element Galaxies catalogue
700 ## - ADDED ENTRY--PERSONAL NAME
Personal name Vaucouleurs, Antoinette, De
9 (RLIN) 10953
700 ## - ADDED ENTRY--PERSONAL NAME
Personal name Vaucouleurs, Gerard, De
9 (RLIN) 10950
942 ## - ADDED ENTRY ELEMENTS (KOHA)
Koha item type Books
Holdings
Withdrawn status Lost status Damaged status Not for loan Home library Current library Shelving location Date acquired Total Checkouts Full call number Barcode Date last seen Price effective from Koha item type
        IIA Library-Bangalore IIA Library-Bangalore General Stacks 21/05/1986   083.8:524.7/ COR 9572 05/11/2021 21/05/1986 Books

Powered by Koha